| 000 | 01010nam a2200289 a 4500 | ||
|---|---|---|---|
| 001 | 000021008 | ||
| 005 | 20250218125615.0 | ||
| 008 | 100828s1999 sp 000 f spa d | ||
| 020 | _a8420484377 | ||
| 040 |
_aDO-SdBNP _bspa _cBNPHU |
||
| 082 |
_aB869.34 _bS243a, 1999 |
||
| 100 | 1 |
_aSaramago, José, _d1922-2010 _912950 |
|
| 240 | 1 | 2 |
_aO ano da morte de Ricardo Reis. _lEspañol |
| 240 | 1 | 0 |
_aO ano da morte de Ricardo Reis _f1984 |
| 245 | 1 | 3 |
_aEl año de la muerte de Ricardo Reis / _cJosé Saramago ; traducción de Basilio Losada. |
| 250 | _a4a ed. | ||
| 260 |
_aMadrid : _bAlfaguara, _c1999. |
||
| 300 |
_a527 p. ; _c22 cm. |
||
| 490 | 1 | _aBiblioteca José Saramago | |
| 500 | _aIncluye datos biografícos del autor en la solapa | ||
| 500 | _aIncluye notas a pie de páginas | ||
| 650 | 4 |
_aNovela portuguesa _912951 |
|
| 650 | 4 |
_aLiteratura portuguesa _912952 |
|
| 650 | 4 |
_aLisboa (portugal) _xNovela _943966 |
|
| 700 | 1 |
_aLosada Basilio, _etr. _912953 |
|
| 830 | 0 |
_aBiblioteca José Saramago _928477 |
|
| 999 |
_c20511 _d20511 |
||